000 00307nam a2200121 i 4500
001 bg
245 0 _aStability and accuracy of integration techniques in pseudo dynamic testing.
260 _aTatehara,
_c1984.
040 _cBPK
041 _apol
942 _cKS
008 s pl f |000 0 pol
999 _c23231
_d23231
856 _uhttp://koha.tu.koszalin.pl/cgi-bin/koha/opac-detail.pl?biblionumber=23231
_yKatalog online BPK